| 000 | 00867nam a22002655i 4500 | ||
|---|---|---|---|
| 001 | 11364 | ||
| 003 | ES-MaACL | ||
| 005 | 20250801101233.0 | ||
| 007 | t| | ||
| 008 | 921110s1992 sp ||||0| spa j | ||
| 020 | _a84-7100-365-1 | ||
| 040 |
_aM-BN _bspa _cM-BN |
||
| 080 | _a527(469)(091) | ||
| 100 | 1 |
_aAlbuquerque, Luis de. _919429 |
|
| 245 | 1 | 0 |
_aHistoria de la navegación portuguesa / _cLuís de Alburquerque ; [traducción, José Manuel Fuentes]. |
| 260 |
_aMadrid : _bMAPFRE, _c[1992] |
||
| 300 |
_a290 p ; _c23 cm. |
||
| 490 | 1 |
_aColección Portugal y el mundo ; _v1 |
|
| 504 | _aBibliografía. Indices. | ||
| 650 | 1 | 4 |
_aNavegación- _zPortugal- _vHistoria. _915502 |
| 700 | 1 |
_aFuentes, José Manuel. _952901 |
|
| 830 | 0 | 0 |
_aColección Portugal y el mundo _v1 _9179026 |
| 852 |
_aES-MaACL _jL-18689 _bR.124246 |
||
| 999 |
_c11364 _d11364 |
||